000 01025cam a22002651i 4500
003 SA-RiAUC
005 20250118054914.0
008 250113s1999 ir g 000 0 ara c
040 _aIQ-KaPLI
_bara
_cSA-RiAUC.
_erda
082 0 4 _a247.3
_qSA-RiAUC
090 _a247.3
_bخ م ي
100 1 _aالخميني، روح الله بن مصطفى بن أحمد،
_d1902-1989
_eمؤلف.
245 1 2 _aالجهاد الأكبر، أو، جهاد النفس /
_cروح الله الخميني.
246 3 3 _aجهاد النفس
250 _aالطبعة الأولى.
264 1 _aطهران :
_bمؤسسة تنظيم ونشر تراث الإمام الخميني،
_c[1999]
300 _aصفحة ؛
_c20 سم
336 _aنص
_btxt
_2rdacontent
_3كتاب
337 _aبدون وسيط
_bn
_2rdamedia
338 _aمجلد
_bnc
_2rdacarrier
650 7 _aالنفس (شيعة)
_2aucsh
650 7 _aالوعظ والإرشاد (شيعة)
_2aucsh
942 _2ddc
_cBOOK
_n0
949 _aSA-JeALM
_d250113
_umohamedma123
_n1
999 _c4902
_d4902